L'inceste ne fait pas de bruit (notice n° 1697586)

détails MARC
000 -LEADER
fixed length control field 01642cam a2200145 4500500
005 - DATE AND TIME OF LATEST TRANSACTION
control field 20260315001153.0
041 ## - LANGUAGE CODE
Language code of text/sound track or separate title fre
042 ## - AUTHENTICATION CODE
Authentication code dc
100 10 - MAIN ENTRY--PERSONAL NAME
Personal name Clavier, Bruno
Relator term author
245 00 - TITLE STATEMENT
Title L'inceste ne fait pas de bruit
260 ## - PUBLICATION, DISTRIBUTION, ETC.
Name of publisher, distributor, etc. Payot,<br/>
Date of publication, distribution, etc. 2021.<br/>
520 ## - SUMMARY, ETC.
Summary, etc. Ce livre nous concerne toutes et tous, de près ou de loin, qu’on le sache ou qu’on l’ignore, qu’on le dise ou qu’on le taise. Il accompagne la libération de la parole, donne du sens, et œuvre pour la prévention des violences sexuelles. Il offre à la fois des témoignages et une parole thérapeutique ; et s’il éclaire les victimes, il montre aussi les bourreaux. Cela tient à ses deux auteurs : Bruno Clavier, qui a lui-même subi des violences sexuelles dont un inceste, soigne les victimes ; Inès Gauthier, quant à elle, essaie d’empêcher les agressions. Il sera beaucoup question ici de l’amnésie post-traumatique et de l’amnésie infantile, si importantes pour comprendre que plus les violences sexuelles ont lieu précocement dans l’enfance, plus il est difficile – mais pas impossible – de s’en souvenir. On évoquera aussi la responsabilité d’une partie de la psychanalyse dans la non-prise en compte de ces violences. Enfin, ce qui se passe dans la tête des agresseurs ou dans celle des personnes qui pourraient passer à l’acte sera décrypté. Dans tous les cas, il s’agira de guérir. Guérir pour ne plus subir, guérir pour ne plus détruire.
700 10 - ADDED ENTRY--PERSONAL NAME
Personal name Gauthier, Inès
Relator term author
856 41 - ELECTRONIC LOCATION AND ACCESS
Uniform Resource Identifier <a href="https://shs.cairn.info/l-inceste-ne-fait-pas-de-bruit--9782228928625?lang=fr&redirect-ssocas=7080">https://shs.cairn.info/l-inceste-ne-fait-pas-de-bruit--9782228928625?lang=fr&redirect-ssocas=7080</a>

Pas d'exemplaire disponible.

PLUDOC

PLUDOC est la plateforme unique et centralisée de gestion des bibliothèques physiques et numériques de Guinée administré par le CEDUST. Elle est la plus grande base de données de ressources documentaires pour les Étudiants, Enseignants chercheurs et Chercheurs de Guinée.

Adresse

627 919 101/664 919 101

25 boulevard du commerce
Kaloum, Conakry, Guinée

Réseaux sociaux

Powered by Netsen Group @ 2025